A Pocket Guide to Clinical Midwifery / (Record no. 13575)
[ view plain ]
| 000 -LEADER | |
|---|---|
| fixed length control field | 00476nam a22001697a 4500 |
| 003 - CONTROL NUMBER IDENTIFIER | |
| control field | OSt |
| 005 - DATE AND TIME OF LATEST TRANSACTION | |
| control field | 20140310182444.0 |
| 008 - FIXED-LENGTH DATA ELEMENTS--GENERAL INFORMATION | |
| fixed length control field | 130805t xxu||||| |||| 00| 0 eng d |
| 050 ## - LIBRARY OF CONGRESS CALL NUMBER | |
| Classification number | RG 950 |
| Item number | .D88 201O |
| 100 ## - MAIN ENTRY--PERSONAL NAME | |
| Personal name | Dutton,Lauren A. |
| 9 (RLIN) | 7593 |
| 245 ## - TITLE STATEMENT | |
| Title | A Pocket Guide to Clinical Midwifery / |
| Statement of responsibility, etc | Lauren A. Dutton. |
| 260 ## - PUBLICATION, DISTRIBUTION, ETC. (IMPRINT) | |
| Place of publication, distribution, etc | USA : |
| Name of publisher, distributor, etc | J & B Publishers, |
| Date of publication, distribution, etc | c2010. |
| 300 ## - PHYSICAL DESCRIPTION | |
| Extent | 358 p. : |
| Other physical details | ill. ; |
| Dimensions | 190 p. |
| 650 ## - SUBJECT ADDED ENTRY--TOPICAL TERM | |
| Topical term or geographic name as entry element | Midwifery |
| 9 (RLIN) | 7594 |
| 942 ## - ADDED ENTRY ELEMENTS (KOHA) | |
| Source of classification or shelving scheme | Library of Congress Classification |
| Koha item type | |
| Withdrawn status | Lost status | Source of classification or shelving scheme | Damaged status | Home library | Current library | Shelving location | Date acquired | Total Checkouts | Full call number | Barcode | Date last seen | Copy number | Price effective from | Koha item type |
|---|---|---|---|---|---|---|---|---|---|---|---|---|---|---|
| Library of Congress Classification | South SEED-LPDH College Library | South SEED-LPDH College Library | South SEED-LPDH College Section | 08/05/2013 | RG 950 .D88 201O | SSLC0324 | 05/15/2018 | 1 | 08/05/2013 | Books |